Vista normal Vista MARC

Entrada Meeting Name

Número de registros utilizados en: 1

001 - CONTROL NUMBER

  • control field: 41195

003 - CONTROL NUMBER IDENTIFIER

  • control field: OSt

005 - DATE AND TIME OF LATEST TRANSACTION

  • control field: 20211015162217.0

008 - FIXED-LENGTH DATA ELEMENTS

  • fixed length control field: 211015|| aca||aabn | a|a d

040 ## - CATALOGING SOURCE

  • Original cataloging agency: OSt
  • Transcribing agency: OSt

111 ## - HEADING--MEETING NAME

  • Meeting name or jurisdiction name as entry element: Asamblea (
  • Number of part/section/meeting: 71a. :
  • Date of meeting or treaty signing: noviembre13 y 14 de 2007 :
  • Location of meeting: Cartagena de Indias)

670 ## - SOURCE DATA FOUND

  • Source citation: Work cat.: (OSt)12627: Asamblea ( 71a. : noviembre13 y 14 de 2007 : Cartagena de Indias), Café de Colombia : , 2008.